Państwa graniczące z Rosją - Statystyki

Ogólne statystyki
  • Ten quiz został rozwiązany 84 razy
  • Średni wynik to 13 z 14
Statystyki odpowiedzi
Granica Kraj % Poprawnych
6846 km Kazachstan
100%
1576 km Ukraina
100%
227 km Litwa
99%
210 km Polska
99%
3645 km Chiny
97%
290 km Estonia
97%
292 km Łotwa
96%
3441 km Mongolia
96%
959 km Białoruś
94%
1313 km Finlandia
91%
17,5 km Korea północna
90%
284 km Azerbejdżan
85%
723 km Gruzja
85%
196 km Norwegia
72%
Nie znaleziono quizów pasujących do podanych kryteriów
Rozkład punktacji
Procent ludzi z każdym wynikiem
Percentyl według liczby udzielonych odpowiedzi
Twoja historia wyników
Nie rozwiązałeś tego quizu